Filosofía de automatización de edificios inteligentes
Збережено в:
| Автор: | |
|---|---|
| Формат: | Книга |
| Опубліковано: |
San José, C.R.
1998
|
| Предмети: | |
| Теги: |
Додати тег
Немає тегів, Будьте першим, хто поставить тег для цього запису!
|
MARC
| LEADER | 00000nam a2200000Ia 4500 | ||
|---|---|---|---|
| 003 | 008477 | ||
| 005 | 20221231144222.0 | ||
| 008 | 140114s1998 cr a m 000 ||s d | ||
| 040 | |c cru CEDI | ||
| 090 | |a TFG 3848 | ||
| 100 | |a Ramírez Víquez, Alberto |9 8996 | ||
| 245 | |a Filosofía de automatización de edificios inteligentes | ||
| 260 | |c 1998 |a San José, C.R. | ||
| 300 | |a xii, 125 hojas : ilustraciones (algunas a color) | ||
| 500 | |a Tesis (licenciatura en ingeniería eléctrica)--Universidad de Costa Rica. Facultad de Ingeniería. Escuela de Ingeniería Eléctrica | ||
| 650 | |x EDIFICIOS - AUTOMATIZACION |x EDIFICIOS - DISEÑO Y CONSTRUCCION |9 8997 | ||
| 942 | |c TFG | ||
| 999 | |c 18623 |d 18623 | ||
